[Event "Criciuma op-A"]
[Site "Criciuma"]
[Date "2024.01.14"]
[Round "4"]
[White "Languidey, Simon Alejandro"]
[Black "Piccoli, Lucas Fonseca"]
[Result "1/2-1/2"]
[WhiteElo "2402"]
[BlackElo "2263"]
[PlyCount "57"]
[EventDate "2024.01.12"]
[EventType "swiss"]
[EventRounds "9"]
[EventCountry "BRA"]
[SourceTitle "CB04_2024"]
[SourceDate "2023.10.16"]
[SourceVersion "1"]
[SourceVersionDate "2023.10.16"]
[SourceQuality "1"]

1. e4 c5 2. Nf3 Nc6 3. c3 Nf6 4. e5 Nd5 5. Bc4 Nb6 6. Bb3 c4 7. Bc2 d5 8. d4 cxd3 9. Qxd3 g6 10. 0-0 Bf5 11. Qe2 Bxc2 12. Qxc2 Bg7 13. Bf4 0-0 14. Re1 d4 15. Qe4 dxc3 16. Nxc3 Qc8 17. a4 Na5 18. Nd5 Nxd5 19. Qxd5 Nc6 20. Rac1 Qf5 21. Bg3 Rad8 22. Qb3 Rd7 23. h3 Qd3 24. Rc3 Qd5 25. Qxd5 Rxd5 26. Rb3 Na5 27. Rc3 Nc6 28. Rb3 Na5 29. Rc3 1/2-1/2

[Event "Rio de Janeiro op 2nd"]
[Site "Rio de Janeiro"]
[Date "2023.05.07"]
[Round "9"]
[White "Filgueiras, Nathan Felipe"]
[Black "Languidey, Simon Alejandro"]
[Result "1/2-1/2"]
[WhiteElo "2319"]
[BlackElo "2399"]
[PlyCount "80"]
[EventDate "2023.05.02"]
[EventType "swiss"]
[EventRounds "9"]
[EventCountry "BRA"]
[SourceTitle "CBM 214 Extra"]
[Source "ChessBase"]
[SourceDate "2023.07.31"]
[SourceVersion "1"]
[SourceVersionDate "2023.07.31"]
[SourceQuality "1"]

1. e4 c5 2. Nf3 d6 3. d4 cxd4 4. Nxd4 Nf6 5. Nc3 a6 6. h3 e5 7. Nde2 h5 8. Bg5 Be6 9. Bxf6 Qxf6 10. Nd5 Qd8 11. Qd3 Nd7 12. Nec3 g6 13. 0-0-0 Nc5 14. Qf3 Bg7 15. Kb1 b5 16. Ne3 Rb8 17. Ncd5 Bd7 18. h4 Ne6 19. c3 a5 20. g4 b4 21. Nc4 0-0 22. gxh5 bxc3 23. Nxc3 Nd4 24. Qg3 Be6 25. hxg6 fxg6 26. Qxg6 Rxf2 27. Rg1 Qe7 28. Bd3 Rb4 29. a3 Rxc4 30. Bxc4 Bxc4 31. h5 Qb7 32. Na4 Bb3 33. h6 Bxa4 34. Qxg7+ Qxg7 35. Rxg7+ Kh8 36. Rc1 Bc2+ 37. Ka2 Bb3+ 38. Kb1 Bc2+ 39. Ka2 Bb3+ 40. Kb1 Bc2+ 1/2-1/2

[Event "Hebraica Milton Matone"]
[Site "Hebraica"]
[Date "2023.04.20"]
[Round "4"]
[White "Languidey, Simon Alejandro"]
[Black "Perdomo, Leandro Daniel"]
[Result "1/2-1/2"]
[WhiteElo "2398"]
[BlackElo "2408"]
[PlyCount "30"]
[EventDate "2023.04.18"]
[EventType "tourn"]
[EventRounds "9"]
[EventCountry "BRA"]
[EventCategory "7"]
[SourceTitle "EXT 2024"]
[Source "ChessBase"]
[SourceDate "2023.10.10"]
[SourceVersion "1"]
[SourceVersionDate "2023.10.10"]
[SourceQuality "1"]

1. e4 e5 2. Nf3 Nc6 3. Bb5 a6 4. Bxc6 dxc6 5. d4 exd4 6. Qxd4 Qxd4 7. Nxd4 Bd7 8. Nc3 0-0-0 9. Be3 Bb4 10. Nde2 f5 11. 0-0-0 Nf6 12. exf5 Bxf5 13. Rxd8+ Rxd8 14. a3 Bxc3 15. Nxc3 Nd5 1/2-1/2

[Event "Hebraica Milton Matone"]
[Site "Hebraica"]
[Date "2023.04.19"]
[Round "2"]
[White "Diamant, Andre"]
[Black "Languidey, Simon Alejandro"]
[Result "1-0"]
[WhiteElo "2516"]
[BlackElo "2398"]
[PlyCount "101"]
[EventDate "2023.04.18"]
[EventType "tourn"]
[EventRounds "9"]
[EventCountry "BRA"]
[EventCategory "7"]
[SourceTitle "EXT 2024"]
[Source "ChessBase"]
[SourceDate "2023.10.10"]
[SourceVersion "1"]
[SourceVersionDate "2023.10.10"]
[SourceQuality "1"]

1. e4 c5 2. Nf3 d6 3. d4 cxd4 4. Nxd4 Nf6 5. Nc3 a6 6. Be2 e5 7. Nb3 Be7 8. Be3 Be6 9. Nd5 Nbd7 10. Qd3 0-0 11. 0-0 Bxd5 12. exd5 h5 13. a4 Ng4 14. Bc1 Bg5 15. h3 Bxc1 16. Rfxc1 Ngf6 17. a5 Qe7 18. c4 Rac8 19. Nd2 Rfe8 20. b4 g6 21. Nb3 e4 22. Qe3 Qe5 23. Rd1 Kg7 24. Rac1 Ng8 25. Qd4 Ne7 26. Qxe5+ Nxe5 27. c5 Red8 28. g3 Kf8 29. Kg2 Ke8 30. b5 dxc5 31. bxa6 bxa6 32. Bxa6 Rb8 33. Nxc5 Rxd5 34. Rxd5 Nxd5 35. Bb7 Nc7 36. a6 Nxa6 37. Bxa6 f5 38. Be2 Rb2 39. Kf1 Ke7 40. Na4 Rb3 41. h4 Ra3 42. Nc3 Ke6 43. Nb5 Ra4 44. Rd1 Ke7 45. Nc3 Ra3 46. Nd5+ Kf7 47. Nf4 Rb3 48. Rd5 Rb1+ 49. Kg2 Kf6 50. Rd6+ Kf7 51. Nxg6 1-0

[Event "Pindamonhangaba op 7th"]
[Site "Pindamonhangaba"]
[Date "2023.03.24"]
[Round "1"]
[White "Goussain, Blaha Gregory Corre"]
[Black "Languidey, Simon Alejandro"]
[Result "0-1"]
[WhiteElo "1850"]
[BlackElo "2391"]
[PlyCount "74"]
[EventDate "2023.03.24"]
[EventType "swiss"]
[EventRounds "5"]
[EventCountry "BRA"]
[SourceTitle "CBM 213 Extra"]
[Source "ChessBase"]
[SourceDate "2023.05.31"]
[SourceVersion "1"]
[SourceVersionDate "2023.05.31"]
[SourceQuality "1"]

1. d4 e6 2. c4 Nf6 3. Nf3 b6 4. g3 Bb7 5. Bg2 Bb4+ 6. Bd2 a5 7. 0-0 0-0 8. Nc3 d6 9. a3 Bxc3 10. Bxc3 a4 11. Nd2 Bxg2 12. Kxg2 Nbd7 13. e4 e5 14. dxe5 dxe5 15. Qc2 Re8 16. Rad1 Qe7 17. f3 Qe6 18. Qd3 Nc5 19. Qe2 Rad8 20. Nb1 h5 21. Bb4 Nb3 22. Bc3 h4 23. Rxd8 h3+ 24. Kh1 Rxd8 25. Rd1 Rxd1+ 26. Qxd1 Qxc4 27. Bxe5 Ng4 28. Bd4 Nxd4 29. fxg4 b5 30. Nc3 c5 31. Kg1 Qe6 32. Qd3 Qh6 33. Ne2 Ne6 34. e5 Qg5 35. Nf4 Nxf4 36. gxf4 Qxg4+ 37. Qg3 Qxg3+ 0-1

[Event "Catas Altas Caraca op 4th"]
[Site "Catas Altas"]
[Date "2023.03.12"]
[Round "5"]
[White "Fier, Alexandr"]
[Black "Languidey, Simon Alejandro"]
[Result "1-0"]
[WhiteElo "2606"]
[BlackElo "2391"]
[PlyCount "99"]
[EventDate "2023.03.11"]
[EventType "swiss (rapid)"]
[EventRounds "7"]
[EventCountry "BRA"]
[SourceTitle "CBM 213 Extra"]
[Source "ChessBase"]
[SourceDate "2023.05.31"]
[SourceVersion "1"]
[SourceVersionDate "2023.05.31"]
[SourceQuality "1"]

1. c4 e6 2. Nf3 Nf6 3. g3 d5 4. Bg2 Be7 5. 0-0 0-0 6. b3 b6 7. Bb2 Bb7 8. e3 c5 9. Nc3 Na6 10. Qe2 Nc7 11. d3 Qc8 12. e4 d4 13. Nb1 Nd7 14. Ne1 f5 15. f4 fxe4 16. dxe4 e5 17. Nd3 Bd6 18. f5 Be7 19. h4 Ne8 20. Nd2 Nd6 21. Kh2 Qc7 22. Kh3 Rae8 23. g4 h6 24. Rae1 a6 25. Qf2 b5 26. Qg3 Qd8 27. Bc1 bxc4 28. Nxc4 Nf6 29. Nxd6 Bxd6 30. g5 hxg5 31. hxg5 Nh5 32. Qh4 g6 33. fxg6 Qd7+ 34. Kh2 Nf4 35. Bxf4 exf4 36. e5 Bxg2 37. Kxg2 f3+ 38. Rxf3 Rxf3 39. Kxf3 Bf8 40. Rh1 Bg7 41. Qh7+ Kf8 42. Rh4 Qd5+ 43. Kf2 Re7 44. Rf4+ Ke8 45. Qh3 Kd8 46. Qf3 Qe6 47. Rf6 Qc8 48. Qd5+ Rd7 49. Qg8+ Kc7 50. Rc6+ 1-0

[Event "Catas Altas Caraca op 4th"]
[Site "Catas Altas"]
[Date "2023.03.11"]
[Round "3"]
[White "Lage, Pedro Ferreira"]
[Black "Languidey, Simon Alejandro"]
[Result "0-1"]
[WhiteElo "2080"]
[BlackElo "2391"]
[PlyCount "80"]
[EventDate "2023.03.11"]
[EventType "swiss (rapid)"]
[EventRounds "7"]
[EventCountry "BRA"]
[SourceTitle "CBM 213 Extra"]
[Source "ChessBase"]
[SourceDate "2023.05.31"]
[SourceVersion "1"]
[SourceVersionDate "2023.05.31"]
[SourceQuality "1"]

1. Nf3 e6 2. g3 Nf6 3. Bg2 d5 4. 0-0 Be7 5. d4 0-0 6. c4 dxc4 7. Qc2 a6 8. a4 Nc6 9. Qxc4 Qd5 10. Nbd2 Rd8 11. e3 Qh5 12. h3 Nd5 13. Nb3 a5 14. Bd2 f6 15. Rfc1 Qf7 16. Nc5 Nb6 17. Qb3 Ra7 18. Rc2 e5 19. Qxf7+ Kxf7 20. dxe5 Nxe5 21. Nxe5+ fxe5 22. Nb3 Rd3 23. Nc1 Rd8 24. Nb3 Be6 25. Nxa5 Rxd2 26. Rxd2 Rxa5 27. Bxb7 Bb4 28. Rd8 Rxa4 29. Rc1 Bd6 30. Kg2 Rb4 31. Rc2 Na4 32. Bc8 Bd5+ 33. Kf1 Be4 34. Rd2 Nxb2 35. Ba6 Nc4 36. Bxc4+ Rxc4 37. Ke2 Bg2 38. h4 e4 39. Rd4 Bf3+ 40. Kd2 Bb4# 0-1

[Event "Florianopolis op 9th"]
[Site "Florianopolis"]
[Date "2023.01.26"]
[Round "5"]
[White "Fier, Alexandr"]
[Black "Languidey, Simon Alejandro"]
[Result "1-0"]
[WhiteElo "2602"]
[BlackElo "2403"]
[PlyCount "79"]
[EventDate "2023.01.23"]
[EventType "swiss"]
[EventRounds "10"]
[EventCountry "BRA"]
[SourceTitle "CBM 212 Extra"]
[Source "ChessBase"]
[SourceDate "2023.03.31"]
[SourceVersion "1"]
[SourceVersionDate "2023.03.31"]
[SourceQuality "1"]

1. e4 e6 2. d4 d5 3. Nc3 Nf6 4. e5 Nfd7 5. f4 c5 6. Nf3 Nc6 7. Be3 a6 8. a3 b5 9. Bd3 cxd4 10. Nxd4 Nxd4 11. Bxd4 Bc5 12. Ne2 0-0 13. c3 Qh4+ 14. g3 Qh3 15. Qc2 Bxd4 16. cxd4 Nb6 17. b3 Bd7 18. Qc7 Rab8 19. Kf2 f5 20. Rac1 Qh5 21. Qa7 Qe8 22. Qxa6 Qd8 23. Qa5 Rf7 24. Rc5 Be8 25. Rhc1 Rfb7 26. Qc3 Na8 27. Rc8 Rxc8 28. Qxc8 Qxc8 29. Rxc8 Nc7 30. g4 g6 31. gxf5 gxf5 32. Ng3 Kg7 33. Bxf5 exf5 34. Nxf5+ Kg6 35. Nd6 Ra7 36. Nxe8 Nxe8 37. Rxe8 Rxa3 38. Rf8 Kg7 39. Rb8 Kg6 40. Rxb5 1-0

[Event "Florianopolis op 9th"]
[Site "Florianopolis"]
[Date "2023.01.25"]
[Round "4"]
[White "Languidey, Simon Alejandro"]
[Black "Vargas, Gabriela"]
[Result "1-0"]
[WhiteElo "2403"]
[BlackElo "2145"]
[PlyCount "109"]
[EventDate "2023.01.23"]
[EventType "swiss"]
[EventRounds "10"]
[EventCountry "BRA"]
[SourceTitle "EXT 2024"]
[Source "ChessBase"]
[SourceDate "2023.10.10"]
[SourceVersion "1"]
[SourceVersionDate "2023.10.10"]
[SourceQuality "1"]

1. e4 e6 2. d4 d5 3. e5 c5 4. c3 Qb6 5. Nf3 Nc6 6. Be2 f6 7. 0-0 fxe5 8. Nxe5 Nxe5 9. dxe5 Ne7 10. c4 d4 11. Nd2 Nc6 12. Bd3 Nxe5 13. Qh5+ Nf7 14. Bxh7 Bd7 15. Nf3 0-0-0 16. Qxf7 Rxh7 17. Bg5 Re8 18. Ne5 Qc7 19. Rae1 Bd6 20. f4 Rhh8 21. Qxg7 Bxe5 22. Qxe5 Rhg8 23. h4 b5 24. b3 Qb6 25. b4 cxb4 26. c5 Qc7 27. Qxd4 Bc6 28. Rf2 a5 29. Re5 Kb7 30. Qe3 Qh7 31. Rd2 Qb1+ 32. Kh2 Qh7 33. Rd6 Rxg5 34. Rxg5 Qxh4+ 35. Kg1 Re7 36. Rxe6 Rd7 37. Re7 Qh8 38. Rxd7+ Bxd7 39. Qe4+ Bc6 40. Qe7+ Kc8 41. Rg7 Qd8 42. Qe6+ Bd7 43. Qa6+ Kb8 44. Qd6+ Kc8 45. Rf7 Qc7 46. Qa6+ Kb8 47. Rf8+ Bc8 48. Qxb5+ Ka7 49. Rxc8 Qxc8 50. Qxa5+ Kb8 51. Qxb4+ Ka8 52. Qa5+ Kb8 53. Qb6+ Ka8 54. c6 Qc7 55. Qb7+ 1-0

[Event "Sao Paulo Osasco"]
[Site "Sao Paulo"]
[Date "2022.11.10"]
[Round "7"]
[White "Quintiliano Pinto, Renato Rodrigues"]
[Black "Languidey, Simon Alejandro"]
[Result "1-0"]
[WhiteElo "2509"]
[BlackElo "2409"]
[PlyCount "115"]
[EventDate "2022.11.06"]
[EventType "tourn"]
[EventRounds "9"]
[EventCountry "BRA"]
[EventCategory "1"]
[SourceTitle "CBM 211 Extra"]
[Source "ChessBase"]
[SourceDate "2023.01.31"]
[SourceVersion "1"]
[SourceVersionDate "2023.01.31"]
[SourceQuality "1"]

1. d4 e6 2. c4 d5 3. Nc3 a6 4. cxd5 exd5 5. Nf3 Nf6 6. Bg5 Be6 7. Bxf6 Qxf6 8. Qb3 b6 9. g3 Qd8 10. h4 Be7 11. Ng5 Bxg5 12. hxg5 Qxg5 13. Bg2 c6 14. Qxb6 0-0 15. Qb7 Nd7 16. Qxc6 Nf6 17. 0-0 Rfc8 18. Qd6 Qd2 19. Rab1 Qxd4 20. Rfd1 Qc5 21. Qxc5 Rxc5 22. Rd4 Rb8 23. Rbd1 Kf8 24. e3 h6 25. R4d2 Bg4 26. f3 Be6 27. Ne2 Rcb5 28. b3 Rc5 29. Nd4 Bd7 30. Bf1 a5 31. Bd3 a4 32. Bc2 axb3 33. Bxb3 Ra8 34. Rb1 h5 35. Bd1 Rc3 36. Kf2 Re8 37. Re2 g5 38. Rb6 Kg7 39. Bc2 Ra3 40. Bb1 Re5 41. Rb3 Rxb3 42. axb3 Re8 43. Ra2 g4 44. f4 h4 45. gxh4 g3+ 46. Kxg3 Rxe3+ 47. Kf2 Rh3 48. Ra7 Rxh4 49. Rxd7 Rxf4+ 50. Ke3 Rxd4 51. Kxd4 Nxd7 52. Kxd5 Kf6 53. Kd6 Ne5 54. Be4 Ng4 55. b4 Ne5 56. Bd5 Nd3 57. b5 Nb4 58. b6 1-0

[Event "Sao Paulo Osasco"]
[Site "Sao Paulo"]
[Date "2022.11.09"]
[Round "5"]
[White "Alboredo, Julia"]
[Black "Languidey, Simon Alejandro"]
[Result "1/2-1/2"]
[WhiteElo "2234"]
[BlackElo "2409"]
[PlyCount "74"]
[EventDate "2022.11.06"]
[EventType "tourn"]
[EventRounds "9"]
[EventCountry "BRA"]
[EventCategory "1"]
[SourceTitle "CBM 211 Extra"]
[Source "ChessBase"]
[SourceDate "2023.01.31"]
[SourceVersion "1"]
[SourceVersionDate "2023.01.31"]
[SourceQuality "1"]

1. e4 e6 2. d4 d5 3. e5 c5 4. c3 Nc6 5. Nf3 Qb6 6. a3 c4 7. Nbd2 f6 8. Be2 fxe5 9. Nxe5 Nxe5 10. dxe5 Bc5 11. 0-0 Qc7 12. b3 cxb3 13. Nxb3 Bb6 14. Nd4 Bxd4 15. cxd4 Ne7 16. a4 0-0 17. Ba3 Rf7 18. Bxe7 Qxe7 19. Qb3 Rb8 20. Rac1 Bd7 21. a5 Be8 22. f4 Rf8 23. Bd3 Bg6 24. Bxg6 hxg6 25. g3 Rbc8 26. Rc3 Rc7 27. h4 Rfc8 28. Rfc1 Qf7 29. Kh2 Kh7 30. Rxc7 Rxc7 31. Rxc7 Qxc7 32. Qb1 Kh6 33. g4 Qc4 34. h5 Qe2+ 35. Kg3 Qe3+ 36. Kg2 Qe2+ 37. Kg3 Qe3+ 1/2-1/2

[Event "Sao Paulo Osasco"]
[Site "Sao Paulo"]
[Date "2022.11.09"]
[Round "6"]
[White "Languidey, Simon Alejandro"]
[Black "Di Giannantonio, Nino"]
[Result "1/2-1/2"]
[WhiteElo "2409"]
[BlackElo "2383"]
[PlyCount "60"]
[EventDate "2022.11.06"]
[EventType "tourn"]
[EventRounds "9"]
[EventCountry "BRA"]
[EventCategory "1"]
[SourceTitle "CBM 211 Extra"]
[Source "ChessBase"]
[SourceDate "2023.01.31"]
[SourceVersion "1"]
[SourceVersionDate "2023.01.31"]
[SourceQuality "1"]

1. e4 e5 2. Nf3 Nc6 3. Nc3 Nf6 4. d4 exd4 5. Nxd4 Bb4 6. Nxc6 bxc6 7. Bd3 d5 8. exd5 cxd5 9. 0-0 0-0 10. h3 h6 11. Qf3 c6 12. Bf4 Bd6 13. Ne2 Rb8 14. b3 c5 15. Bxd6 Qxd6 16. c4 d4 17. Qg3 Qxg3 18. Nxg3 Re8 19. Rfe1 Bd7 20. Kf1 g6 21. Rxe8+ Rxe8 22. Re1 Rxe1+ 23. Kxe1 Bc6 24. f3 Kf8 25. Kf2 Ke7 26. h4 h5 27. Ne2 Kd6 28. Bc2 Nd7 29. Bb1 Ne5 30. Nf4 a5 1/2-1/2

[Event "Sao Paulo Osasco"]
[Site "Sao Paulo"]
[Date "2022.11.07"]
[Round "3"]
[White "Rodi, Luis Ernesto"]
[Black "Languidey, Simon Alejandro"]
[Result "1/2-1/2"]
[WhiteElo "2312"]
[BlackElo "2409"]
[PlyCount "42"]
[EventDate "2022.11.06"]
[EventType "tourn"]
[EventRounds "9"]
[EventCountry "BRA"]
[EventCategory "1"]
[SourceTitle "CBM 211 Extra"]
[Source "ChessBase"]
[SourceDate "2023.01.31"]
[SourceVersion "1"]
[SourceVersionDate "2023.01.31"]
[SourceQuality "1"]

1. e4 e6 2. d4 d5 3. Nc3 Nf6 4. exd5 exd5 5. Bg5 Be7 6. Qd2 0-0 7. 0-0-0 c6 8. Bd3 Na6 9. Bxa6 bxa6 10. Nf3 Be6 11. Bxf6 Bxf6 12. Na4 Bg4 13. Qc3 Qd6 14. Kb1 Rae8 15. h3 Bxf3 16. Qxf3 Re4 17. c3 Rfe8 18. Nc5 Re2 19. Nd3 R2e4 20. Nc5 Re2 21. Nd3 R2e4 1/2-1/2

[Event "Niteroi op 2nd"]
[Site "Niteroi"]
[Date "2022.09.06"]
[Round "8"]
[White "Guimaraes, Wagner Peixoto"]
[Black "Languidey, Simon Alejandro"]
[Result "0-1"]
[WhiteElo "2188"]
[BlackElo "2415"]
[PlyCount "62"]
[EventDate "2022.09.01"]
[EventType "swiss"]
[EventRounds "9"]
[EventCountry "BRA"]
[SourceTitle "EXT 2024"]
[Source "ChessBase"]
[SourceDate "2023.10.10"]
[SourceVersion "1"]
[SourceVersionDate "2023.10.10"]
[SourceQuality "1"]

1. d4 e6 2. c4 Nf6 3. Nf3 d5 4. g3 Be7 5. Bg2 0-0 6. 0-0 dxc4 7. Qc2 a6 8. a4 Nc6 9. Qxc4 Qd5 10. Nbd2 Rd8 11. e3 Qh5 12. h3 Nd5 13. b3 Na5 14. Qc2 Qg6 15. e4 Nc6 16. Bb2 Ndb4 17. Qb1 b6 18. Rc1 Bb7 19. Nc4 f6 20. Ne3 Rac8 21. d5 exd5 22. Nh4 Qf7 23. exd5 Nxd5 24. Nxd5 Rxd5 25. Bxd5 Qxd5 26. Kh2 Nb4 27. Rd1 Qxb3 28. Ba3 Qxb1 29. Raxb1 a5 30. Rd7 Bf8 31. Nf5 Be4 0-1

[Event "Niteroi op 2nd"]
[Site "Niteroi"]
[Date "2022.09.03"]
[Round "4"]
[White "Languidey, Simon Alejandro"]
[Black "Fier, Alexandr"]
[Result "0-1"]
[WhiteElo "2415"]
[BlackElo "2583"]
[PlyCount "66"]
[EventDate "2022.09.01"]
[EventType "swiss"]
[EventRounds "9"]
[EventCountry "BRA"]
[SourceTitle "CBM 210 Extra"]
[Source "ChessBase"]
[SourceDate "2022.11.30"]
[SourceVersion "1"]
[SourceVersionDate "2022.11.30"]
[SourceQuality "1"]

1. e4 c5 2. Nc3 e6 3. Nge2 Nc6 4. g3 d5 5. exd5 exd5 6. Bg2 d4 7. Nd5 Nf6 8. Nef4 Nxd5 9. Nxd5 Bd6 10. d3 0-0 11. 0-0 Be6 12. Nf4 Bf5 13. h3 Qd7 14. Kh2 Rae8 15. Bd2 a5 16. Qf3 a4 17. Rae1 Bxf4 18. Qxf4 Be6 19. Bxc6 Qxc6 20. b3 h6 21. g4 Bd5 22. Qg3 b5 23. Bf4 Rxe1 24. Rxe1 Re8 25. Qg1 c4 26. bxc4 bxc4 27. dxc4 Bxc4 28. Re5 Rxe5 29. Bxe5 Qe4 30. f4 Qxc2+ 31. Qg2 Qxg2+ 32. Kxg2 d3 33. Kf2 d2 0-1

[Event "Caxambu Casa do Xadrez op"]
[Site "Caxambu"]
[Date "2022.07.22"]
[Round "1"]
[White "Sampaio, Andre Luiz"]
[Black "Languidey, Simon Alejandro"]
[Result "0-1"]
[WhiteElo "1670"]
[BlackElo "2424"]
[PlyCount "56"]
[EventDate "2022.07.22"]
[EventType "swiss"]
[EventRounds "6"]
[EventCountry "BRA"]
[SourceTitle "CBM 209 Extra"]
[Source "ChessBase"]
[SourceDate "2022.09.30"]
[SourceVersion "1"]
[SourceVersionDate "2022.09.30"]
[SourceQuality "1"]

1. d4 e6 2. Bf4 d5 3. Nc3 Bd6 4. Bxd6 cxd6 5. e3 Nf6 6. Qf3 Nc6 7. Nh3 Qa5 8. Bd3 e5 9. dxe5 dxe5 10. Qe2 0-0 11. 0-0 Bxh3 12. gxh3 e4 13. Bb5 Ne5 14. f4 exf3 15. Rxf3 Nxf3+ 16. Qxf3 Rac8 17. Bd3 Rfe8 18. Rf1 Qc5 19. Qf5 Qxe3+ 20. Kh1 Rcd8 21. Nd1 Qe5 22. Qf3 Re7 23. Nf2 Qxb2 24. Rg1 Rde8 25. Ng4 Nxg4 26. Rxg4 Re1+ 27. Kg2 Qb6 28. h4 Rg1+ 0-1

[Event "Catas Altas op 3rd"]
[Site "Catas Altas"]
[Date "2022.07.10"]
[Round "7"]
[White "Languidey, Simon Alejandro"]
[Black "Mareco, Sandro"]
[Result "1/2-1/2"]
[WhiteElo "2424"]
[BlackElo "2657"]
[PlyCount "29"]
[EventDate "2022.06.28"]
[EventType "swiss"]
[EventRounds "7"]
[EventCountry "BRA"]
[SourceTitle "EXT 2023"]
[Source "ChessBase"]
[SourceDate "2022.10.05"]
[SourceVersion "1"]
[SourceVersionDate "2022.10.05"]
[SourceQuality "1"]

1. e4 e5 2. Nf3 Nc6 3. Bc4 Bc5 4. c3 Nf6 5. d4 exd4 6. cxd4 Bb4+ 7. Bd2 Bxd2+ 8. Nbxd2 d5 9. exd5 Nxd5 10. Qb3 Na5 11. Qa4+ Nc6 12. Qb3 Na5 13. Qa4+ Nc6 14. Qb3 Nf6 15. Nb1 1/2-1/2